| 000 | 00440nam a22001577a 4500 | ||
|---|---|---|---|
| 999 |
_c8915 _d8915 |
||
| 003 | GBCCL | ||
| 005 | 20241126110701.0 | ||
| 008 | 220125b ||||| |||| 00| 0 eng d | ||
| 040 | _cgbc | ||
| 082 |
_aSOU EBC _b2019 |
||
| 110 |
_aEBCC, Kanaan _915633 |
||
| 245 |
_aTutan Toupa'n honpi : _bKum 10 chinna 2009-2019 souvenir. |
||
| 260 |
_aKanaan veng: _bTualsung Baptist Saptuam Upa committe, _c2019. |
||
| 300 | _a147p. ; | ||
| 942 |
_2ddc _cARCH |
||